[Event "European Senior Team Championship 2021"]
[Site "Don Giovanni hotel, Vinohradska 2733, Prague, Czech Republic"]
[Date "2021.09.05"]
[Round "7"]
[Board "4"]
[White "Groh, Jiri"]
[Black "Horak, Vladimir"]
[Result "1/2-1/2"]
[WhiteElo "2020"]
[BlackElo "1954"]
[PlyCount "0"]
[EventDate "2021.08.30"]
[EventType "team"]
[EventRounds "9"]
[EventCountry "ECX"]
[WhiteTeam "SK SOKOL VYSEHRAD"]
[BlackTeam "CHESS ACADEMY PRAHA"]

1. Nf3 {[%clk 1:30:57]} d5 {[%clk 1:30:34]} 2. c4 {[%clk 1:31:14]} e6
{[%clk 1:30:55]} 3. d4 {[%clk 1:31:27]} Nf6 {[%clk 1:31:12]} 4. Bg5
{[%clk 1:31:41]} Be7 {[%clk 1:31:33]} 5. e3 {[%clk 1:32:02]} Nbd7
{[%clk 1:31:15]} 6. Be2 {[%clk 1:32:16]} O-O {[%clk 1:31:15]} 7. O-O
{[%clk 1:32:40]} h6 {[%clk 1:31:03]} 8. Bh4 {[%clk 1:33:00]} dxc4
{[%clk 1:29:08]} 9. Bxc4 {[%clk 1:33:07]} b6 {[%clk 1:26:42]} 10. Qe2
{[%clk 1:32:03]} Bb7 {[%clk 1:26:24]} 11. Ba6 {[%clk 1:31:35]} Bxa6
{[%clk 1:23:35]} 12. Qxa6 {[%clk 1:31:52]} Nd5 {[%clk 1:19:17]} 13. Bxe7
{[%clk 1:31:05]} Qxe7 {[%clk 1:19:33]} 14. e4 {[%clk 1:29:35]} Nb4
{[%clk 1:13:18]} 15. Qe2 {[%clk 1:29:20]} c5 {[%clk 1:06:41]} 16. Nc3
{[%clk 1:28:28]} Nc6 {[%clk 1:03:25]} 17. Rad1 {[%clk 1:23:38]} cxd4
{[%clk 0:52:03]} 18. Nxd4 {[%clk 1:23:52]} Nxd4 {[%clk 0:50:26]} 19. Rxd4
{[%clk 1:24:12]} Rfd8 {[%clk 0:49:42]} 20. Rfd1 {[%clk 1:18:49]} Ne5
{[%clk 0:45:09]} 21. Qd2 {[%clk 1:14:23]} Rxd4 {[%clk 0:42:14]} 22. Qxd4
{[%clk 1:14:47]} Qg5 {[%clk 0:40:35]} 23. Kf1 {[%clk 1:09:12]} Ng4
{[%clk 0:37:40]} 24. h3 {[%clk 1:06:28]} Nh2+ {[%clk 0:37:00]} 25. Ke2
{[%clk 1:05:15]} f5 {[%clk 0:26:03]} 26. exf5 {[%clk 1:02:22]} Qxg2
{[%clk 0:20:21]} 27. fxe6 {[%clk 0:42:25]} Qf3+ {[%clk 0:16:52]} 28. Kd2
{[%clk 0:42:21]} Qf5 {[%clk 0:08:56]} 29. Qd5 {[%clk 0:41:19]} Qxf2+
{[%clk 0:07:36]} 30. Kc1 {[%clk 0:41:30]} Qe3+ {[%clk 0:07:26]} 31. Qd2
{[%clk 0:31:19]} Qxd2+ {[%clk 0:06:43]} 32. Rxd2 {[%clk 0:31:45]} Nf3
{[%clk 0:06:37]} 33. Rd7 {[%clk 0:31:45]} Ne5 {[%clk 0:04:48]} 34. Rc7
{[%clk 0:28:08]} Re8 {[%clk 0:04:14]} 35. e7 {[%clk 0:28:22]} Kf7
{[%clk 0:04:27]} 36. Rxa7 {[%clk 0:28:01]} Rxe7 {[%clk 0:04:39]} 37. Rxe7+
{[%clk 0:28:12]} Kxe7 {[%clk 0:05:08]} 38. Nd5+ {[%clk 0:28:35]} Kd6
{[%clk 0:05:02]} 39. Nxb6 {[%clk 0:28:55]} g5 {[%clk 0:04:58]} 40. Kd1
{[%clk 0:16:28]} Kc6 {[%clk 0:04:04]} 41. Nc8 {[%clk 0:14:15]} Ng6
{[%clk 0:03:51]} 42. a4 {[%clk 0:12:22]} Kc7 {[%clk 0:02:32]} 43. Na7
{[%clk 0:12:45]} Nf4 {[%clk 0:02:22]} 44. a5 {[%clk 0:10:37]} Kb7
{[%clk 0:01:13]} 45. Nb5 {[%clk 0:10:51]} Ka6 {[%clk 0:01:32]} 46. Nd4
{[%clk 0:10:35]} Kxa5 {[%clk 0:27:43]} 47. Nf5 {[%clk 0:40:51]} h5
{[%clk 0:27:33]} 48. h4 {[%clk 0:38:52]} g4 {[%clk 0:21:17]} 49. Kd2
{[%clk 0:38:30]} Kb4 {[%clk 0:21:17]} 50. Ke3 Ng6 51. Ng3 {[%clk 0:36:37]} Nxh4
{[%clk 0:21:10]} 52. Nxh5 {[%clk 0:37:02]} Ng6 {[%clk 0:18:19]}  1/2-1/2

[Event "European Senior Team Championship 2021"]
[Site "Don Giovanni hotel, Vinohradska 2733, Prague, Czech Republic"]
[Date "2021.09.05"]
[Round "7"]
[Board "1"]
[White "Vrabec, Milos"]
[Black "Semakoff, Aleks"]
[Result "1/2-1/2"]
[WhiteElo "2095"]
[BlackElo "1996"]
[PlyCount "0"]
[EventDate "2021.08.30"]
[EventType "team"]
[EventRounds "9"]
[EventCountry "ECX"]
[WhiteTeam "OLDEST BOYS"]
[BlackTeam "GOLDEN OLDIES"]

1. e4 {[%clk 1:30:53]} d6 {[%clk 1:30:46]} 2. d4 {[%clk 1:31:02]} Nf6
{[%clk 1:30:57]} 3. Nc3 {[%clk 1:31:26]} Nbd7 {[%clk 1:31:06]} 4. Nf3
{[%clk 1:31:32]} e5 {[%clk 1:31:10]} 5. Bc4 {[%clk 1:20:32]} Be7 {[%clk 1:30:52]}
6. O-O {[%clk 1:19:15]} c6 {[%clk 1:29:27]} 7. a4 {[%clk 1:13:26]} a5
{[%clk 1:26:46]} 8. Re1 {[%clk 1:10:37]} Qc7 {[%clk 1:22:11]} 9. h3
{[%clk 1:07:20]} h6 {[%clk 1:21:04]} 10. Be3 {[%clk 1:02:06]} Nf8
{[%clk 1:12:41]} 11. Nd2 {[%clk 0:44:47]} Ng6 {[%clk 1:07:14]} 12. Bf1
{[%clk 0:36:04]} O-O {[%clk 0:58:20]} 13. Nc4 {[%clk 0:35:21]} Nxe4
{[%clk 0:44:40]} 14. Nxe4 {[%clk 0:35:29]} d5 {[%clk 0:44:47]} 15. Nxe5
{[%clk 0:34:37]} Nxe5 {[%clk 0:42:19]} 16. Nd2 {[%clk 0:27:19]}  1/2-1/2

[Event "European Senior Team Championship 2021"]
[Site "Don Giovanni hotel, Vinohradska 2733, Prague, Czech Republic"]
[Date "2021.09.05"]
[Round "7"]
[Board "2"]
[White "Taksrud, Vidar"]
[Black "Koper, Stefan"]
[Result "0-1"]
[WhiteElo "1910"]
[BlackElo "1827"]
[PlyCount "0"]
[EventDate "2021.08.30"]
[EventType "team"]
[EventRounds "9"]
[EventCountry "ECX"]
[WhiteTeam "GOLDEN OLDIES"]
[BlackTeam "OLDEST BOYS"]

1. d4 {[%clk 1:30:51]} d5 {[%clk 1:30:53]} 2. Nf3 {[%clk 1:31:12]} Bf5
{[%clk 1:31:05]} 3. c4 {[%clk 1:31:18]} dxc4 {[%clk 1:28:58]} 4. Nc3
{[%clk 1:31:35]} Nf6 {[%clk 1:29:12]} 5. e3 {[%clk 1:24:59]} e6 {[%clk 1:29:27]}
6. Bxc4 {[%clk 1:25:05]} c6 {[%clk 1:29:33]} 7. O-O {[%clk 1:24:47]} Nbd7
{[%clk 1:29:39]} 8. Qe2 {[%clk 1:21:51]} Be7 {[%clk 1:29:29]} 9. e4
{[%clk 1:19:04]} Bg4 {[%clk 1:29:57]} 10. Rd1 {[%clk 1:15:15]} O-O
{[%clk 1:27:43]} 11. h3 {[%clk 1:14:39]} Bh5 {[%clk 1:21:32]} 12. Bf4
{[%clk 1:13:06]} Re8 {[%clk 1:16:58]} 13. Rac1 {[%clk 1:10:57]} Bf8
{[%clk 1:14:08]} 14. Rd3 {[%clk 1:02:47]} Rc8 {[%clk 1:10:52]} 15. Bg3
{[%clk 0:59:21]} Qa5 {[%clk 1:08:36]} 16. e5 {[%clk 0:57:09]} Nd5
{[%clk 1:07:38]} 17. Ne4 {[%clk 0:56:59]} b5 {[%clk 1:03:59]} 18. Bb3
{[%clk 0:57:10]} Bg6 {[%clk 1:01:38]} 19. Nh4 {[%clk 0:56:05]} Bxe4
{[%clk 1:01:40]} 20. Qxe4 {[%clk 0:56:26]} Qd8 {[%clk 0:59:54]} 21. a3
{[%clk 0:54:03]} a5 {[%clk 1:00:15]} 22. f4 {[%clk 0:52:59]} g6 {[%clk 0:59:50]}
23. Nf3 {[%clk 0:51:25]} a4 {[%clk 0:59:42]} 24. Ba2 {[%clk 0:50:56]} b4
{[%clk 0:59:54]} 25. Be1 {[%clk 0:42:48]} b3 {[%clk 1:00:07]} 26. Bb1
{[%clk 0:43:12]} c5 {[%clk 1:00:04]} 27. Rc4 {[%clk 0:41:55]} Ra8
{[%clk 0:56:53]} 28. Bf2 {[%clk 0:41:40]} N7b6 {[%clk 0:55:35]} 29. Rxc5
{[%clk 0:35:11]} Bxc5 {[%clk 0:55:56]} 30. dxc5 {[%clk 0:35:33]} Nc8
{[%clk 0:54:54]} 31. Nd2 {[%clk 0:33:22]} Nce7 {[%clk 0:47:56]} 32. Nc4
{[%clk 0:33:22]} Qc7 {[%clk 0:47:44]} 33. Nd6 {[%clk 0:29:19]} Rf8
{[%clk 0:47:52]} 34. g4 {[%clk 0:28:37]} Ra5 {[%clk 0:38:02]} 35. Qc4
{[%clk 0:27:59]} f6 {[%clk 0:34:40]} 36. exf6 {[%clk 0:24:48]} Rxf6
{[%clk 0:34:37]} 37. f5 {[%clk 0:24:40]} gxf5 {[%clk 0:29:43]} 38. gxf5
{[%clk 0:20:50]} exf5 {[%clk 0:18:32]} 39. Rxd5 {[%clk 0:19:54]} Nxd5
{[%clk 0:18:18]} 40. Qxd5+ {[%clk 0:20:14]} Kf8 {[%clk 0:17:47]} 41. Bxf5
{[%clk 0:09:52]} Rxd6 {[%clk 0:17:04]} 42. Qe4 {[%clk 0:04:36]} Rxc5
{[%clk 0:10:25]} 43. Qf4 {[%clk 0:29:17]} Rd1+ {[%clk 0:40:08]}  0-1

[Event "European Senior Team Championship 2021"]
[Site "Don Giovanni hotel, Vinohradska 2733, Prague, Czech Republic"]
[Date "2021.09.05"]
[Round "7"]
[Board "3"]
[White "Valtera, Jiri"]
[Black "Thjomoe, Hans Richard"]
[Result "1/2-1/2"]
[WhiteElo "1850"]
[BlackElo "1856"]
[PlyCount "0"]
[EventDate "2021.08.30"]
[EventType "team"]
[EventRounds "9"]
[EventCountry "ECX"]
[WhiteTeam "OLDEST BOYS"]
[BlackTeam "GOLDEN OLDIES"]

1. d4 {[%clk 1:30:10]} Nf6 {[%clk 1:30:19]} 2. Bf4 {[%clk 1:30:07]} e6
{[%clk 1:29:12]} 3. Nf3 {[%clk 1:30:09]} d5 {[%clk 1:28:10]} 4. e3
{[%clk 1:28:55]} Bd6 {[%clk 1:25:45]} 5. Bg3 {[%clk 1:28:46]} Bxg3
{[%clk 1:23:28]} 6. hxg3 {[%clk 1:29:05]} c5 {[%clk 1:22:31]} 7. dxc5
{[%clk 1:22:49]} Qa5+ {[%clk 1:22:35]} 8. c3 {[%clk 1:23:06]} Qxc5
{[%clk 1:22:35]} 9. Qd4 {[%clk 1:22:45]} Qxd4 {[%clk 1:21:36]} 10. exd4
{[%clk 1:20:41]} b6 {[%clk 1:19:59]} 11. Nbd2 {[%clk 1:12:51]} Ba6
{[%clk 1:15:58]} 12. Bxa6 {[%clk 1:10:20]} Nxa6 {[%clk 1:16:21]} 13. Ke2
{[%clk 1:08:56]} Ke7 {[%clk 1:12:15]} 14. Ne5 {[%clk 1:03:29]} Nd7
{[%clk 1:07:59]} 15. Nxd7 {[%clk 0:54:58]} Kxd7 {[%clk 1:08:20]} 16. f4
{[%clk 0:54:46]} Rac8 {[%clk 1:00:48]} 17. g4 {[%clk 0:49:01]}  1/2-1/2

[Event "European Senior Team Championship 2021"]
[Site "Don Giovanni hotel, Vinohradska 2733, Prague, Czech Republic"]
[Date "2021.09.05"]
[Round "7"]
[Board "4"]
[White "Bjorgvik, Jan Arne"]
[Black "Konvalinka, Vladislav"]
[Result "1/2-1/2"]
[WhiteElo "1722"]
[BlackElo "1718"]
[PlyCount "0"]
[EventDate "2021.08.30"]
[EventType "team"]
[EventRounds "9"]
[EventCountry "ECX"]
[WhiteTeam "GOLDEN OLDIES"]
[BlackTeam "OLDEST BOYS"]

1. e4 {[%clk 1:30:51]} Nf6 {[%clk 1:30:47]} 2. Nc3 {[%clk 1:31:01]} d5
{[%clk 1:31:08]} 3. e5 {[%clk 1:30:38]} Ne4 {[%clk 1:31:20]} 4. Nxe4
{[%clk 1:29:58]} dxe4 {[%clk 1:31:43]} 5. d3 {[%clk 1:29:59]} Bf5
{[%clk 1:31:13]} 6. Be3 {[%clk 1:24:40]} exd3 {[%clk 1:30:05]} 7. Bxd3
{[%clk 1:24:35]} Bxd3 {[%clk 1:30:19]} 8. Qxd3 {[%clk 1:23:42]} Qxd3
{[%clk 1:29:28]} 9. cxd3 {[%clk 1:23:57]} Nc6 {[%clk 1:29:41]} 10. f4
{[%clk 1:21:42]} O-O-O {[%clk 1:25:01]} 11. Ke2 {[%clk 1:19:03]} Nb4
{[%clk 1:21:48]} 12. d4 {[%clk 1:18:28]} e6 {[%clk 1:22:04]} 13. Nf3
{[%clk 1:17:30]} Be7 {[%clk 1:21:17]} 14. a3 {[%clk 1:14:57]} Nd5
{[%clk 1:20:55]} 15. Rac1 {[%clk 1:14:15]} h6 {[%clk 1:20:13]} 16. g3
{[%clk 1:13:22]} Kb8 {[%clk 1:18:24]} 17. Rc2 {[%clk 1:11:31]} Rd7
{[%clk 1:15:12]} 18. Bf2 {[%clk 1:09:45]} c6 {[%clk 1:13:38]} 19. h4
{[%clk 1:07:52]} Rc8 {[%clk 1:08:25]} 20. Rhc1 {[%clk 1:07:11]} Bd8
{[%clk 1:07:23]} 21. Nd2 {[%clk 1:04:59]} Ne7 {[%clk 1:06:13]} 22. Nf3
{[%clk 0:55:54]} Bb6 {[%clk 1:05:10]} 23. Rd2 {[%clk 0:48:38]} Rcd8
{[%clk 1:02:00]} 24. Rcd1 {[%clk 0:44:09]} Nf5 {[%clk 0:57:12]} 25. g4
{[%clk 0:41:17]} Ne7 {[%clk 0:57:24]} 26. h5 {[%clk 0:39:58]} Nd5
{[%clk 0:56:01]} 27. Bg3 {[%clk 0:37:55]} Kc8  1/2-1/2

[Event "European Senior Team Championship 2021"]
[Site "Don Giovanni hotel, Vinohradska 2733, Prague, Czech Republic"]
[Date "2021.09.05"]
[Round "7"]
[Board "1"]
[White "Huss, Andreas"]
[Black "Afek, Yochanan"]
[Result "1/2-1/2"]
[WhiteElo "2249"]
[BlackElo "2202"]
[PlyCount "0"]
[EventDate "2021.08.30"]
[EventType "team"]
[EventRounds "9"]
[EventCountry "ECX"]
[WhiteTeam "SWITZERLAND"]
[BlackTeam "ISRAEL 2"]

1. d4 {[%clk 1:30:56]} Nf6 {[%clk 1:29:52]} 2. c4 {[%clk 1:31:13]} c5
{[%clk 1:30:03]} 3. d5 {[%clk 1:31:29]} b5 {[%clk 1:29:35]} 4. cxb5
{[%clk 1:31:48]} a6 {[%clk 1:29:52]} 5. bxa6 {[%clk 1:32:02]} g6 {[%clk 1:29:31]}
6. Nc3 {[%clk 1:31:58]} Bxa6 {[%clk 1:29:23]} 7. Nf3 {[%clk 1:31:48]} Bg7
{[%clk 1:29:30]} 8. e4 {[%clk 1:31:58]} Bxf1 {[%clk 1:29:25]} 9. Kxf1
{[%clk 1:32:12]} d6 {[%clk 1:29:40]} 10. g3 {[%clk 1:32:21]} O-O {[%clk 1:29:52]}
11. Kg2 {[%clk 1:32:39]} Nbd7 {[%clk 1:29:57]} 12. Re1 {[%clk 1:32:49]} Qa5
{[%clk 1:29:42]} 13. Re2 {[%clk 1:27:54]} Rfb8 {[%clk 1:29:00]} 14. Bg5
{[%clk 1:23:28]} h6 {[%clk 1:26:09]} 15. Bxf6 {[%clk 1:22:31]} Bxf6
{[%clk 1:25:55]} 16. Rc1 {[%clk 1:22:11]} Rb7 {[%clk 1:13:07]} 17. Qd3
{[%clk 1:15:58]} Qb4 {[%clk 1:01:32]} 18. b3 {[%clk 1:09:47]} Rba7
{[%clk 0:59:45]} 19. Na4 {[%clk 1:07:41]} h5 {[%clk 0:41:06]} 20. h4
{[%clk 1:06:11]} Ne5 {[%clk 0:39:47]} 21. Nxe5 {[%clk 1:05:13]} Bxe5
{[%clk 0:40:10]} 22. Rc4 {[%clk 1:04:05]} Qb7 {[%clk 0:38:43]} 23. f4
{[%clk 0:56:37]} Bg7 {[%clk 0:39:08]} 24. Kh2 {[%clk 0:52:55]} Rd8
{[%clk 0:37:46]} 25. Rcc2 {[%clk 0:49:19]} Kh7 {[%clk 0:36:07]} 26. Qc4
{[%clk 0:43:10]} Qd7 {[%clk 0:35:26]} 27. Qd3 {[%clk 0:41:58]} Rb7
{[%clk 0:32:59]} 28. e5 {[%clk 0:35:45]} dxe5 {[%clk 0:20:46]} 29. Nxc5
{[%clk 0:33:31]} Qb5 {[%clk 0:21:06]} 30. Qxb5 {[%clk 0:17:28]} Rxb5
{[%clk 0:21:32]} 31. a4 {[%clk 0:17:40]} Rbb8 {[%clk 0:17:08]} 32. fxe5
{[%clk 0:14:23]} Rxd5 {[%clk 0:17:15]} 33. e6 {[%clk 0:13:48]} f5
{[%clk 0:15:00]} 34. Rc4 {[%clk 0:11:25]} Bd4 {[%clk 0:10:53]} 35. b4
{[%clk 0:11:09]} Bxc5 {[%clk 0:10:18]} 36. bxc5 {[%clk 0:06:53]} Kg7
{[%clk 0:09:18]} 37. c6 {[%clk 0:05:43]} Kf6 {[%clk 0:09:08]} 38. c7
{[%clk 0:03:13]} Rc8 {[%clk 0:09:34]} 39. Kg2 {[%clk 0:00:40]} Ra5
{[%clk 0:07:07]} 40. Rd2 {[%clk 0:30:30]} Ra7 {[%clk 0:36:40]} 41. Rdc2
{[%clk 0:24:04]} Kxe6 {[%clk 0:32:53]} 42. Kf3 {[%clk 0:24:13]} Kd7
{[%clk 0:28:28]} 43. Kf4 {[%clk 0:22:32]} Ke8 {[%clk 0:21:11]} 44. Kg5
{[%clk 0:18:37]} Kf7 {[%clk 0:20:46]} 45. R2c3 {[%clk 0:17:24]} e6
{[%clk 0:10:26]} 46. Rc2 {[%clk 0:17:15]} Kg7 {[%clk 0:09:16]} 47. Re2
{[%clk 0:11:10]} Kf7 {[%clk 0:07:48]} 48. Rec2 {[%clk 0:10:20]} Kg7
{[%clk 0:07:56]} 49. Re2 {[%clk 0:09:01]} Kf7 {[%clk 0:07:04]} 50. Rec2
{[%clk 0:08:53]}  1/2-1/2

[Event "European Senior Team Championship 2021"]
[Site "Don Giovanni hotel, Vinohradska 2733, Prague, Czech Republic"]
[Date "2021.09.05"]
[Round "7"]
[Board "2"]
[White "Gal, Moshe"]
[Black "Hugentobler, Patrick"]
[Result "1/2-1/2"]
[WhiteElo "2088"]
[BlackElo "2168"]
[PlyCount "0"]
[EventDate "2021.08.30"]
[EventType "team"]
[EventRounds "9"]
[EventCountry "ECX"]
[WhiteTeam "ISRAEL 2"]
[BlackTeam "SWITZERLAND"]

1. Nf3 {[%clk 1:30:55]} d5 {[%clk 1:30:39]} 2. e3 {[%clk 1:31:17]} Nf6
{[%clk 1:30:43]} 3. c4 {[%clk 1:31:17]} e6 {[%clk 1:30:54]} 4. b3
{[%clk 1:30:53]} Bd6 {[%clk 1:29:06]} 5. Bb2 {[%clk 1:30:32]} Nbd7
{[%clk 1:27:58]} 6. d4 {[%clk 1:28:21]} b6 {[%clk 1:24:51]} 7. cxd5
{[%clk 1:26:10]} exd5 {[%clk 1:25:02]} 8. Bd3 {[%clk 1:24:40]} Bb7
{[%clk 1:23:54]} 9. Ba3 {[%clk 1:19:13]} c5 {[%clk 1:13:22]} 10. Nc3
{[%clk 1:11:08]} O-O {[%clk 1:11:39]} 11. Na4 {[%clk 1:06:59]} Qe7
{[%clk 1:03:27]} 12. Rc1 {[%clk 1:05:10]} Rac8 {[%clk 0:57:21]} 13. O-O
{[%clk 1:00:05]} Rfd8 {[%clk 0:51:04]} 14. Bf5 {[%clk 0:57:36]} g6
{[%clk 0:40:32]} 15. Bh3 {[%clk 0:56:37]} Ne4 {[%clk 0:38:35]} 16. Qe2
{[%clk 0:52:17]} f5 {[%clk 0:32:01]} 17. g3 {[%clk 0:52:07]} c4 {[%clk 0:27:56]}
18. Bxd6 {[%clk 0:48:20]} Qxd6 {[%clk 0:27:12]} 19. bxc4 {[%clk 0:39:23]} dxc4
{[%clk 0:25:24]} 20. Rxc4 {[%clk 0:38:25]} Qd5 {[%clk 0:25:29]} 21. Rxc8
{[%clk 0:38:10]} Rxc8 {[%clk 0:25:53]} 22. Bg2 {[%clk 0:37:28]} Qa5
{[%clk 0:18:04]} 23. Qd1 {[%clk 0:37:09]} Bd5 {[%clk 0:15:00]} 24. Ne5
{[%clk 0:32:48]} Ndf6 {[%clk 0:12:13]} 25. Nb2 {[%clk 0:31:42]} Qxa2
{[%clk 0:11:54]} 26. Nbd3 {[%clk 0:32:03]} a5 {[%clk 0:11:39]} 27. Qb1
{[%clk 0:29:26]} Qxb1 {[%clk 0:09:25]} 28. Rxb1 {[%clk 0:29:55]} a4
{[%clk 0:07:36]} 29. Rxb6 {[%clk 0:29:52]} a3 {[%clk 0:07:55]} 30. Ra6
{[%clk 0:30:19]} a2 {[%clk 0:08:18]} 31. f3 {[%clk 0:28:16]} Rb8 {[%clk 0:07:17]}
32. fxe4 {[%clk 0:27:40]} Rb1+ {[%clk 0:06:34]} 33. Kf2 {[%clk 0:26:36]} Nxe4+
{[%clk 0:06:50]} 34. Bxe4 {[%clk 0:26:29]} fxe4 {[%clk 0:06:15]} 35. Nf4
{[%clk 0:26:44]} Bb3 {[%clk 0:04:45]} 36. Ra8+ {[%clk 0:26:40]} Kg7
{[%clk 0:05:12]} 37. Ra7+ {[%clk 0:26:52]} Kh8 {[%clk 0:03:23]} 38. Ra8+
{[%clk 0:26:13]} Kg7 {[%clk 0:03:14]} 39. Ra7+ {[%clk 0:26:36]} Kf8
{[%clk 0:01:23]} 40. d5 {[%clk 0:25:33]} a1=Q {[%clk 0:00:36]} 41. Ne6+
{[%clk 0:25:52]} Ke8 {[%clk 0:00:39]} 42. Ng7+ {[%clk 0:23:56]} Kd8
{[%clk 0:23:05]} 43. Nc6+ {[%clk 0:53:50]} Kc8 {[%clk 0:23:00]} 44. Ne7+
{[%clk 0:54:12]} Kd8 {[%clk 0:21:37]} 45. Nc6+ {[%clk 0:54:31]} Kc8
{[%clk 0:21:42]}  1/2-1/2

[Event "European Senior Team Championship 2021"]
[Site "Don Giovanni hotel, Vinohradska 2733, Prague, Czech Republic"]
[Date "2021.09.05"]
[Round "7"]
[Board "3"]
[White "Vucenovic, Dragomir"]
[Black "Segal, Yosef"]
[Result "1-0"]
[WhiteElo "2161"]
[BlackElo "1814"]
[PlyCount "0"]
[EventDate "2021.08.30"]
[EventType "team"]
[EventRounds "9"]
[EventCountry "ECX"]
[WhiteTeam "SWITZERLAND"]
[BlackTeam "ISRAEL 2"]

1. Nf3 {[%clk 1:30:56]} Nf6 {[%clk 1:30:44]} 2. g3 {[%clk 1:31:15]} e6
{[%clk 1:30:58]} 3. Bg2 {[%clk 1:31:32]} d5 {[%clk 1:31:21]} 4. O-O
{[%clk 1:31:46]} Bd6 {[%clk 1:31:15]} 5. d4 {[%clk 1:31:56]} h6 {[%clk 1:31:17]}
6. b3 {[%clk 1:31:56]} O-O {[%clk 1:31:17]} 7. Nbd2 {[%clk 1:31:54]} c6
{[%clk 1:31:11]} 8. Bb2 {[%clk 1:31:36]} Nbd7 {[%clk 1:30:59]} 9. c4
{[%clk 1:31:03]} Re8 {[%clk 1:31:11]} 10. Ne5 {[%clk 1:28:08]} Nh7
{[%clk 1:25:04]} 11. Qc2 {[%clk 1:19:22]} Ndf8 {[%clk 1:20:23]} 12. e4
{[%clk 1:15:06]} dxe4 {[%clk 1:13:04]} 13. Nxe4 {[%clk 1:14:18]} Be7
{[%clk 1:12:24]} 14. Rad1 {[%clk 1:12:04]} f6 {[%clk 1:10:04]} 15. Nf3
{[%clk 1:10:29]} Qc7 {[%clk 1:09:52]} 16. c5 {[%clk 1:06:00]} Rd8
{[%clk 1:06:03]} 17. Rfe1 {[%clk 1:04:25]} Bd7 {[%clk 1:05:49]} 18. Qe2
{[%clk 0:59:04]} Be8 {[%clk 1:04:56]} 19. Nfd2 {[%clk 0:58:29]} f5
{[%clk 1:01:48]} 20. Nc3 {[%clk 0:53:00]} Rd7 {[%clk 0:59:30]} 21. Nc4
{[%clk 0:51:52]} Nf6 {[%clk 0:56:37]} 22. Ne5 {[%clk 0:50:29]} Rdd8
{[%clk 0:56:07]} 23. b4 {[%clk 0:46:49]} a6 {[%clk 0:53:04]} 24. Nc4
{[%clk 0:45:22]} Bf7 {[%clk 0:48:00]} 25. Nb6 Rab8 {[%clk 0:39:06]} 26. Bc1
{[%clk 0:41:10]} g5 {[%clk 0:39:18]} 27. f4 {[%clk 0:38:58]} g4 {[%clk 0:36:02]}
28. d5 {[%clk 0:34:03]} cxd5 29. Ncxd5 Bxc5+ {[%clk 0:24:06]} 30. bxc5
{[%clk 0:33:36]} exd5 {[%clk 0:23:41]} 31. Qe5 {[%clk 0:31:04]} Qxc5+
{[%clk 0:23:37]} 32. Be3 {[%clk 0:29:34]} Qd6 {[%clk 0:22:56]} 33. Bd4
{[%clk 0:29:23]} Kg7 {[%clk 0:20:15]} 34. Bxd5 {[%clk 0:18:34]} Qxe5
{[%clk 0:13:49]} 35. Bxe5 {[%clk 0:18:09]} N8h7 {[%clk 0:11:09]} 36. Bxb8
{[%clk 0:16:04]} Rxb8 {[%clk 0:08:19]} 37. Re7 {[%clk 0:15:40]} Nxd5
{[%clk 0:07:55]} 38. Rxd5 {[%clk 0:13:42]} Kf6 {[%clk 0:06:55]} 39. Rde5
{[%clk 0:13:17]} Nf8 {[%clk 0:06:39]} 40. Rd7 {[%clk 0:12:20]} Be6
{[%clk 0:06:45]} 41. Nd5+ {[%clk 0:09:44]} Kg6 {[%clk 0:04:48]} 42. Rd6
{[%clk 0:09:04]} Kf7 {[%clk 0:04:04]} 43. Nc7 {[%clk 0:30:19]} Bd7
{[%clk 0:33:50]} 44. Nd5 Be6 {[%clk 0:31:15]} 45. Ne3 {[%clk 0:28:21]} Re8
{[%clk 0:28:57]} 46. Nxf5 {[%clk 0:27:16]} h5 {[%clk 0:27:07]} 47. Rb6
{[%clk 0:21:23]} Rd8 {[%clk 0:25:18]} 48. Nd6+ {[%clk 0:19:04]} Kg8
{[%clk 0:21:56]} 49. Nxb7 {[%clk 0:18:18]} Rb8 {[%clk 0:21:20]} 50. Re2
{[%clk 0:17:26]} Bc4 {[%clk 0:19:29]} 51. Re7 {[%clk 0:10:09]} Bd5
{[%clk 0:17:33]} 52. a4 {[%clk 0:09:44]} a5 {[%clk 0:17:57]} 53. Rb5
{[%clk 0:09:55]} Ng6 {[%clk 0:14:48]} 54. Rc7 {[%clk 0:09:32]} Be4
{[%clk 0:12:46]} 55. Nd6 {[%clk 0:09:19]}  1-0